000 00551nam a2200181Ia 4500
008 240729s9999 xx 000 0 und d
022 _a2666-4496
245 0 _aJournal of Safety Science and Resilience
260 _aChina
260 _bKeAi Communications Co., Ltd.
650 _a Industries. Land use. Labor
650 _a Management. Industrial management
650 _a Risk in industry. Risk management
650 _aSocial Sciences
856 _uhttps://doaj.org/toc/1337e8e4ea044004857e9ae3529afb82
942 _2ddc
942 _cDOAJEJ
999 _c67773
_d67773
945 _a1
_bMadushi Gamage
_c1
_dMadushi Gamage